[Event "CZE-ch U16"]
[Site "Harrachov"]
[Date "2024.10.31"]
[Round "7"]
[White "Bartak, Josef"]
[Black "Jirman, Jonas"]
[Result "1-0"]
[WhiteElo "1902"]
[BlackElo "1760"]
[PlyCount "63"]
[EventDate "2024.10.26"]
[EventType "swiss"]
[EventRounds "9"]
[EventCountry "CZE"]
[SourceTitle "CB45_2024"]
[Source "ChessBase"]
[SourceDate "2024.11.06"]
[SourceVersion "1"]
[SourceVersionDate "2024.11.06"]
[SourceQuality "1"]

1. e4 c5 2. Nc3 Nc6 3. g3 g6 4. Bg2 Bg7 5. d3 d6 6. f4 e6 7. Nf3 Nge7 8. 0-0 0-0 9. Be3 Rb8 10. Qd2 b5 11. Rab1 a5 12. e5 dxe5 13. Bxc5 exf4 14. Qxf4 e5 15. Qe3 Re8 16. Ne4 Nf5 17. Qf2 Bf8 18. g4 Nd6 19. Nfg5 f5 20. Nxd6 Bxd6 21. Bxc6 Rf8 22. Bd5+ Kg7 23. Bxd6 Qxd6 24. Qg2 f4 25. Be4 h6 26. Nf3 g5 27. c3 Qe6 28. h3 Re8 29. Rfe1 Qxa2 30. Ra1 Qe6 31. d4 Qb6 32. Bd5 1-0

[Event "CZE-ch U16"]
[Site "Harrachov"]
[Date "2024.10.30"]
[Round "6"]
[White "Jakubse, Tamae Severina"]
[Black "Bartak, Josef"]
[Result "1-0"]
[WhiteElo "1868"]
[BlackElo "1902"]
[PlyCount "67"]
[EventDate "2024.10.26"]
[EventType "swiss"]
[EventRounds "9"]
[EventCountry "CZE"]
[SourceTitle "CB45_2024"]
[Source "ChessBase"]
[SourceDate "2024.11.06"]
[SourceVersion "1"]
[SourceVersionDate "2024.11.06"]
[SourceQuality "1"]

1. e4 e5 2. Nf3 Nc6 3. d4 exd4 4. Nxd4 Bc5 5. Be3 Qf6 6. c3 Nge7 7. Bb5 0-0 8. 0-0 a6 9. Ba4 b5 10. Bc2 Ne5 11. Nd2 d6 12. h3 Bb7 13. f4 N5c6 14. N2b3 Bb6 15. g4 Nxd4 16. Nxd4 Nc6 17. g5 Qe7 18. Qf3 Nxd4 19. Bxd4 f5 20. gxf6 Bxd4+ 21. cxd4 Rxf6 22. Qe3 Raf8 23. e5 Rh6 24. Kh2 Bc8 25. f5 c5 26. e6 cxd4 27. Qxd4 Rhf6 28. Rg1 Qc7 29. Rac1 d5+ 30. Kh1 Qc4 31. Qa7 g6 32. fxg6 hxg6 33. Bxg6 Qh4 34. Bh5+ 1-0

[Event "CZE-ch U16"]
[Site "Harrachov"]
[Date "2024.10.29"]
[Round "5"]
[White "Bartak, Josef"]
[Black "Kolar, Edvard"]
[Result "1-0"]
[WhiteElo "1902"]
[BlackElo "1771"]
[PlyCount "84"]
[EventDate "2024.10.26"]
[EventType "swiss"]
[EventRounds "9"]
[EventCountry "CZE"]
[SourceTitle "CB45_2024"]
[Source "ChessBase"]
[SourceDate "2024.11.06"]
[SourceVersion "1"]
[SourceVersionDate "2024.11.06"]
[SourceQuality "1"]

1. e4 c5 2. Nc3 e6 3. g3 d5 4. exd5 exd5 5. Bg2 Nf6 6. d3 h6 7. Nge2 d4 8. Ne4 Nxe4 9. Bxe4 Bd6 10. Nf4 0-0 11. 0-0 Nc6 12. Qh5 Ne5 13. h3 Qg5 14. Kg2 Qxh5 15. Nxh5 Rb8 16. f4 Nd7 17. f5 Be5 18. Bf4 b5 19. Rae1 Bxf4 20. Rxf4 Nf6 21. Nxf6+ gxf6 22. Bf3 Bb7 23. Rg4+ Kh8 24. Re7 Bxf3+ 25. Kxf3 Rbe8 26. Rge4 Rxe7 27. Rxe7 Kg7 28. Rxa7 Rb8 29. Rc7 c4 30. dxc4 bxc4 31. Rxc4 Rxb2 32. a4 h5 33. Ke4 Ra2 34. Kxd4 Ra3 35. c3 Kf8 36. Rc8+ Ke7 37. Ra8 Kd6 38. Ra6+ Kd7 39. Ra7+ Kd6 40. Rxf7 Rxa4+ 41. c4 Ra3 42. Rxf6+ Ke7 1-0

[Event "CZE-ch U16"]
[Site "Harrachov"]
[Date "2024.10.28"]
[Round "3"]
[White "Bartak, Josef"]
[Black "Bludsky, Vit"]
[Result "0-1"]
[WhiteElo "1902"]
[BlackElo "1717"]
[PlyCount "72"]
[EventDate "2024.10.26"]
[EventType "swiss"]
[EventRounds "9"]
[EventCountry "CZE"]
[SourceTitle "CB45_2024"]
[Source "ChessBase"]
[SourceDate "2024.11.06"]
[SourceVersion "1"]
[SourceVersionDate "2024.11.06"]
[SourceQuality "1"]

1. e4 c5 2. Nc3 e6 3. g3 d5 4. exd5 exd5 5. Bg2 Nf6 6. d3 h6 7. Nge2 d4 8. Ne4 Nxe4 9. Bxe4 Be7 10. Nf4 Nc6 11. 0-0 g5 12. Nd5 Be6 13. Nxe7 Qxe7 14. f4 0-0-0 15. Qf3 Nb4 16. c3 Nc2 17. f5 Bd5 18. Bxd5 Nxa1 19. f6 Qc7 20. Qg2 Nc2 21. Bxf7 Qxf7 22. Qxc2 Kb8 23. cxd4 cxd4 24. Qc5 Rd5 25. Qe7 Rf8 26. Rf2 Rd7 27. Qe5+ Ka8 28. Bd2 Re8 29. Qf5 Rd5 30. Qf3 a5 31. h4 Ka7 32. Qd1 Rde5 33. Qa4 Qd5 34. Qd1 gxh4 35. gxh4 Rg8+ 36. Kh2 Rh5 0-1

[Event "CZE-ch U16"]
[Site "Harrachov"]
[Date "2024.10.27"]
[Round "2"]
[White "Jezek, Jakub1"]
[Black "Bartak, Josef"]
[Result "1/2-1/2"]
[WhiteElo "1784"]
[BlackElo "1902"]
[PlyCount "39"]
[EventDate "2024.10.26"]
[EventType "swiss"]
[EventRounds "9"]
[EventCountry "CZE"]
[SourceTitle "CB45_2024"]
[Source "ChessBase"]
[SourceDate "2024.11.06"]
[SourceVersion "1"]
[SourceVersionDate "2024.11.06"]
[SourceQuality "1"]

1. e4 e5 2. Nf3 Nc6 3. Nc3 Nf6 4. Bb5 d6 5. d4 exd4 6. Nxd4 Bd7 7. Nxc6 bxc6 8. Ba4 Be7 9. 0-0 0-0 10. f4 d5 11. e5 Bc5+ 12. Kh1 Ng4 13. Qe1 Re8 14. h3 Re6 15. Ne2 f5 16. c3 Rg6 17. Nd4 Nh6 18. Be3 Qe7 19. Bf2 Bxd4 20. Bxd4 1/2-1/2

[Event "Prague Mencik Memorial 6th"]
[Site "Prague"]
[Date "2023.09.24"]
[Round "3"]
[White "Bartak, Josef"]
[Black "Vranova, Zdenka"]
[Result "0-1"]
[WhiteElo "1476"]
[BlackElo "1837"]
[PlyCount "62"]
[EventDate "2023.09.24"]
[EventType "swiss"]
[EventRounds "9"]
[EventCountry "CZE"]
[SourceTitle "CBM 216 Extra"]
[Source "ChessBase"]
[SourceDate "2023.11.30"]
[SourceVersion "1"]
[SourceVersionDate "2023.11.30"]
[SourceQuality "1"]

1. e4 e5 2. Nf3 Nf6 3. Nxe5 d6 4. Nf3 Nxe4 5. Nc3 Nf6 6. d4 d5 7. Bg5 Be7 8. Be2 0-0 9. 0-0 c6 10. Ne5 Nbd7 11. f4 Re8 12. Bd3 Nf8 13. Ne2 Ne6 14. c3 Rf8 15. Bh4 g6 16. f5 Ng7 17. fxg6 hxg6 18. Ng3 Be6 19. Qe2 Nd7 20. Bxe7 Qxe7 21. Rae1 Rae8 22. Qc2 Nxe5 23. Rxe5 c5 24. Qb1 cxd4 25. cxd4 Qb4 26. Ne2 Bg4 27. Rxe8 Rxe8 28. Nf4 Qxd4+ 29. Kh1 Bf5 30. Bxf5 Nxf5 31. Rd1 Qxf4 0-1

[Event "CZE-ch Betsys Online Blitz"]
[Site "Chess.com INT"]
[Date "2021.04.17"]
[Round "5"]
[White "Bartak, Josef"]
[Black "Erban, Stepan"]
[Result "1/2-1/2"]
[WhiteElo "1433"]
[BlackElo "1925"]
[PlyCount "106"]
[EventDate "2021.04.17"]
[EventType "swiss (blitz)"]
[EventRounds "13"]
[EventCountry "CZE"]
[SourceTitle "CBM 201 Extra"]
[Source "ChessBase"]
[SourceDate "2021.05.31"]
[SourceVersion "1"]
[SourceVersionDate "2021.05.31"]
[SourceQuality "1"]

1. e4 e5 2. Nf3 Nc6 3. d4 exd4 4. Nxd4 Nxd4 5. Qxd4 Qf6 6. e5 Qc6 7. Nc3 Bc5 8. Qf4 Ne7 9. Bc4 0-0 10. 0-0 Ng6 11. Qg3 Bxf2+ 12. Qxf2 Qxc4 13. Bf4 Nxf4 14. Qxf4 Qxf4 15. Rxf4 d6 16. exd6 cxd6 17. Rd1 Rd8 18. Rfd4 Bf5 19. Rxd6 Rxd6 20. Rxd6 Bxc2 21. Rd7 b6 22. Nb5 a5 23. Nd6 f6 24. Rb7 Rd8 25. Rxb6 g5 26. Nb7 Rd2 27. Nxa5 f5 28. Rb8+ Kg7 29. b4 Be4 30. b5 Rxg2+ 31. Kf1 Rxa2 32. Nc6 Bxc6 33. bxc6 Rc2 34. Rc8 Kg6 35. c7 Kh5 36. Ke1 Kg4 37. Kd1 Rc6 38. Ke2 f4 39. Kd3 Kf3 40. Kd4 g4 41. Kd5 Rc1 42. Kd6 h5 43. Rh8 g3 44. hxg3 fxg3 45. Rxh5 g2 46. Rg5 Kf2 47. Rxg2+ Kxg2 48. Kd7 Rd1+ 49. Kc8 Kf3 50. Kb7 Rb1+ 51. Ka8 Ra1+ 52. Kb7 Rb1+ 53. Ka8 Ke4 1/2-1/2

[Event "CZE-ch Betsys Online Blitz"]
[Site "Chess.com INT"]
[Date "2021.04.17"]
[Round "11"]
[White "Bartak, Josef"]
[Black "Rakintsev, Serhiy"]
[Result "1-0"]
[WhiteElo "1433"]
[BlackElo "1739"]
[PlyCount "65"]
[EventDate "2021.04.17"]
[EventType "swiss (blitz)"]
[EventRounds "13"]
[EventCountry "CZE"]
[SourceTitle "CBM 201 Extra"]
[Source "ChessBase"]
[SourceDate "2021.05.31"]
[SourceVersion "1"]
[SourceVersionDate "2021.05.31"]
[SourceQuality "1"]

1. e4 c6 2. c4 d5 3. cxd5 cxd5 4. exd5 Qxd5 5. Nc3 Qe5+ 6. Be2 Nf6 7. Nf3 Qd6 8. d4 Nc6 9. Nb5 Qb8 10. d5 a6 11. dxc6 axb5 12. Bxb5 bxc6 13. Bxc6+ Bd7 14. Bxa8 Qxa8 15. 0-0 e6 16. Bf4 Be7 17. Bd6 Qd8 18. Bxe7 Qxe7 19. Ne5 0-0 20. Nxd7 Nxd7 21. Rc1 Rd8 22. Rc7 Qe8 23. Qa4 Nf6 24. Qxe8+ Rxe8 25. Rfc1 h6 26. Rc8 Rxc8 27. Rxc8+ Kh7 28. b4 Nd5 29. b5 Kg6 30. Rc6 Nb4 31. Rd6 Kf6 32. b6 Ke7 33. b7 1-0

[Event "CZE-ch Betsys Online Blitz"]
[Site "Chess.com INT"]
[Date "2021.04.17"]
[Round "10"]
[White "Bartak, Josef"]
[Black "Svoboda, Petr"]
[Result "1-0"]
[WhiteElo "1433"]
[BlackElo "2088"]
[PlyCount "69"]
[EventDate "2021.04.17"]
[EventType "swiss (blitz)"]
[EventRounds "13"]
[EventCountry "CZE"]
[SourceTitle "CBM 201 Extra"]
[Source "ChessBase"]
[SourceDate "2021.05.31"]
[SourceVersion "1"]
[SourceVersionDate "2021.05.31"]
[SourceQuality "1"]

1. e4 e5 2. Nf3 Nc6 3. d4 exd4 4. Nxd4 Nf6 5. Nc3 Bc5 6. Be3 0-0 7. Nxc6 bxc6 8. Bxc5 Re8 9. Bd3 d5 10. f3 dxe4 11. fxe4 Bg4 12. Qc1 Qc8 13. 0-0 Qe6 14. Qf4 Nh5 15. Qxc7 Rac8 16. Qxa7 Nf6 17. Qa4 Qe5 18. Bd4 Qg5 19. Bxf6 gxf6 20. Qd4 Re6 21. Ne2 Bh3 22. Qf2 Rce8 23. Nf4 Bxg2 24. Qxg2 Qxg2+ 25. Kxg2 Re5 26. Rg1 Kh8 27. Kh1 Rc5 28. Raf1 Ra5 29. Ne2 Rxa2 30. Rxf6 Rxb2 31. Rxf7 Rb6 32. Rgg7 Ra8 33. Rxh7+ Kg8 34. Rhg7+ Kh8 35. Nf4 1-0